000 00530nam a2200205Ia 4500
001 12092
003 GE_BSU
008 181216s||||||||xx |||||||||||||| ||und||
020 _a9780295985240
040 _cGE_BSU
080 _a327
245 _aSmall States in International Relations
245 _cQristine Ingebritsen, Iver Neumann, Sieglinde Gstohl,Jessica Beyer
260 _aWashington
260 _c2006
300 _a334p.23cm.
541 _h84Gel.
653 _aSmall States in International Relations
942 _cBK
999 _c45268
_d45268